000 01015nam a22002897a 4500
005 20100531161156.0
008 100531t xxu||||| |||| 00| 0 eng d
010 _aENG-96239
020 _a9780070083257
_c325.00
020 _a0070083258
_c325.00
035 _aEN-79773
037 _bDBAD/PUB
040 _aDPL
082 _a658.8
100 _aHavaldar, Krishna K.
245 _aBusiness marketing :
_cby Krishna K. Havaldar
_btext and cases /
250 _a3rd ed
260 _aNew Delhi
_bTata McGraw-Hill
_c2010
270 _a7, West Patel Nagar
_bNew Delhi
_e110008
300 _axxxiii, 536p. :
_bill.
_c24 cm (pbk)
500 _aIncludes index
650 _aBusiness marketing
856 _uhttp://www.loc.gov/catdir/toc/mh021/87016860.html
856 _uhttp://www.loc.gov/catdir/enhancements/fy0737/87016860-b.html
942 _2ddc
_cEN
_mHAV
_h658.8
999 _c36422
_d36422